Reoccurring Seinfeld minor characters Quiz Stats

 Plays Quiz not verified by Sporcle

Support Sporcle.
Go Orange.
Score 0/26 Timer 10:00
0 Plays Today
# of episodes Character % Correct
48Newman
94.2%
24Morty Seinfeld
93.8%
29Susan Ross
90.5%
15Uncle Leo
90.1%
22Jacopo Peterman
88.9%
11David Puddy
88.9%
24Helen Seinfeld
88.5%
7Kenny Bania
88.5%
6Jack Klompus
86%
29Estelle Costanza
85.6%
29Frank Costanza
83.5%
8Mr. Pitt
82.3%
6Jackie Chiles
82.3%
# of episodes Character % Correct
5Dr. Tim Whatley
77.8%
16George Steinbrenner
75.3%
7Mickey Abbott
73.3%
101Ruth Cohen
72.8%
12Mr. Wilhelm
71.2%
11Mr. Lippman
66.7%
5Mr. Ross
63.8%
7Russell Dalrymple
53.5%
6Crazy Joe Davola
45.3%
5Mrs. Ross
44.9%
6Larry
18.5%
5Carol
13.6%
6Dugan
4.1%

You're not logged in!

Compare scores with friends on all Sporcle quizzes.
OR
Log In

From the Vault

Remove Ads.
Support Sporcle.
Get the best of Sporcle when you Go Orange. This ad-free experience offers more features, more stats, and more fun while also helping to support Sporcle. Thank you for becoming a member.

Show Comments

Extras

Created Feb 11, 2011ReportNominate
Tags:Seinfeld

Top Quizzes Today


Score Distribution

Your Account Isn't Verified!

In order to create a playlist on Sporcle, you need to verify the email address you used during registration. Go to your Sporcle Settings to finish the process.

Report this User

Report this user for behavior that violates our Community Guidelines.

Details: